00534cam a2200181 a 450000100100000000500170001000800410002702000150006804000230008308200210010610000270012724500580015426000340021230000280024649000280027465000220030283000280032400000727620200929154122.0000724s2000 sp a 001 0 spa  a8420700223 aDO-SdBNPcDLCdDLC a809.93355bS586v1 aSilva, Lorenzo,d1966-10aViajes escritos y escritos viajeros /cLorenzo Silva. aMadrid :bGrupo Anaya,c2000. a117 p. :bil. ;c21 cm.1 aPunto de referenciAnaya 4aRelatos de viajes 0aPunto de referenciAnaya